Global basic rights (Record no. 442491)

000 -LEADER
fixed length control field 00448cam a22001577a 4500
008 - FIXED-LENGTH DATA ELEMENTS--GENERAL INFORMATION
fixed length control field 180718b2011 xxu||||| |||| 00| 0 eng d
020 ## - INTERNATIONAL STANDARD BOOK NUMBER
International Standard Book Number 9780199604388
082 ## - DEWEY DECIMAL CLASSIFICATION NUMBER
Classification number C41 B397
245 ## - TITLE STATEMENT
Title Global basic rights
Statement of responsibility, etc. edited by Charles R. Beitz and Robert E. Goodin
260 ## - PUBLICATION, DISTRIBUTION, ETC.
Place of publication, distribution, etc. Oxford
Name of publisher, distributor, etc. Oxford Univ. Press
Date of publication, distribution, etc. 2011
300 ## - PHYSICAL DESCRIPTION
Extent 256p.
650 ## - SUBJECT ADDED ENTRY--TOPICAL TERM
Topical term or geographic name entry element Social justice
650 ## - SUBJECT ADDED ENTRY--TOPICAL TERM
Topical term or geographic name entry element Human rights
700 ## - ADDED ENTRY--PERSONAL NAME
Personal name Goodin, Robert E.
700 ## - ADDED ENTRY--PERSONAL NAME
Personal name Beitz, Charles R.
Holdings
Withdrawn status Lost status Damaged status Not for loan Permanent Location Current Location Date acquired Full call number Barcode Date last seen Price effective from Koha item type
        Indian Institute of Public Administration Indian Institute of Public Administration 2012-02-13 C41 B397 84598 2018-07-21 2018-07-21 Book

Powered by Koha